00423nam a2200157Ia 4500003000400000008004100004040001600045082001500061100002000076245006900096260003200165300001000197650001200207650001100219650003500230GCL140319s9999 xx 000 0 eng d aGCL / cGCL04a960.3bD M1 aDAVIDSON, BASIL10aMODERN AFRICA A SOCIAL AND POLITICAL HISTORY / cDAVIDSON, BASIL a[S.N] : bLONGMAN ، c1994 a300 P04aHISTORY04aAFRICA04aAFRICA - HISTORY, 1884 - 1985